000 00326nam a22001457a 4500
008 221011b ||||| |||| 00| 0 eng d
020 _a9780321786654
041 _aeng
080 _2SIXTH EDITION
_a611
082 _a611 MAR
100 _a11.2
101 _aANA
245 _aANATOMY&PHYSIOLOGY
_cMARTINI
942 _2udc
_cBK
999 _c58497
_d58497